000 00617nam a2200205Ia 4500
003 GCL
008 140319s9999 xx 000 0 ara d
040 _aGCL /
_cGCL
082 0 4 _a336.293
_bع ن
100 1 _aعلى عباس عياد
245 1 0 _aالنظم الضرائبيةالمقارنة /
_cعلى عباس عياد
260 _a[S.N] :
_bمؤسسة شباب الجامعة ،
_c1978
300 _a295 ص
490 _a
650 0 4 _aالاقتصاد
650 0 4 _aالسياسة التجارية
650 0 4 _aالضرائب
650 0 4 _aالضرائب غير المباشرة
942 _2ddc
_cBK
999 _c28399
_d28399